[Event "Europe Echecs Blitz May op"]
[Site "Europe Echecs INT"]
[Date "2021.05.09"]
[Round "11"]
[White "Lapperriere, Romuald"]
[Black "Tadros, John"]
[Result "0-1"]
[WhiteElo "1275"]
[BlackElo "1779"]
[PlyCount "36"]
[EventDate "2021.05.09"]
[EventType "swiss (blitz)"]
[EventRounds "11"]
[EventCountry "FRA"]
[SourceTitle "CBM 202 Extra"]
[Source "ChessBase"]
[SourceDate "2021.07.31"]
[SourceVersion "1"]
[SourceVersionDate "2021.07.31"]
[SourceQuality "1"]

1. d4 d6 2. c4 g6 3. Nc3 Bg7 4. e4 Nf6 5. f4 0-0 6. Nf3 Nc6 7. d5 Nb8 8. Be2 Bg4 9. h3 Bxf3 10. Bxf3 Nbd7 11. 0-0 e5 12. f5 c6 13. Bg5 cxd5 14. cxd5 Qb6+ 15. Kh1 Qxb2 16. Qb3 Qxb3 17. axb3 a6 18. Nb5 axb5 0-1

[Event "Europe Echecs Blitz May op"]
[Site "Europe Echecs INT"]
[Date "2021.05.09"]
[Round "3"]
[White "Tadros, John"]
[Black "Doucet, Pierre Alois"]
[Result "1/2-1/2"]
[WhiteElo "1779"]
[BlackElo "1008"]
[PlyCount "312"]
[EventDate "2021.05.09"]
[EventType "swiss (blitz)"]
[EventRounds "11"]
[EventCountry "FRA"]
[SourceTitle "CBM 202 Extra"]
[Source "ChessBase"]
[SourceDate "2021.07.31"]
[SourceVersion "1"]
[SourceVersionDate "2021.07.31"]
[SourceQuality "1"]

1. e4 d5 2. exd5 Nf6 3. Nf3 Nxd5 4. Bc4 Nb6 5. Bb3 Nc6 6. 0-0 Bf5 7. c3 e6 8. d4 Bd6 9. Bg5 Be7 10. Bxe7 Qxe7 11. Nbd2 0-0 12. Re1 Qd7 13. Ne5 Nxe5 14. Rxe5 Rad8 15. Nf3 Bg4 16. h3 Bf5 17. Nh4 Bg6 18. Nxg6 hxg6 19. Qg4 Nd5 20. Rae1 Nf6 21. Qg5 Nh7 22. Qe3 Qd6 23. Qf3 c6 24. Qg3 Nf6 25. Bc2 Nh5 26. Qh4 Nf6 27. R1e3 Nd7 28. Rg5 Qe7 29. Qg3 Nf6 30. Rf3 Nh5 31. Qg4 Nf6 32. Qh4 Nh7 33. Rh5 Qxh4 34. Rxh4 Nf6 35. Rhf4 Nd5 36. Re4 Nf6 37. Re1 Nd5 38. Bb3 b6 39. g4 a5 40. Kg2 Nf6 41. Bc2 c5 42. dxc5 bxc5 43. Re5 Rb8 44. Rxc5 Rxb2 45. Bd3 Rxa2 46. Rc7 Ra3 47. Bb5 Nd5 48. Rb7 Nxc3 49. Ba6 Nb1 50. Rxa3 Nxa3 51. Be2 Nc2 52. Ra7 Nd4 53. Bf3 Nxf3 54. Kxf3 Rd8 55. Rxa5 Kh7 56. Kg3 Kh6 57. f3 f6 58. h4 g5 59. hxg5+ fxg5 60. Ra6 Re8 61. Kf2 Kg6 62. Ke3 Kf6 63. Ke4 g6 64. Rb6 Rd8 65. Rb7 Rc8 66. Rb6 Rc4+ 67. Ke3 Rf4 68. Ra6 Rb4 69. Ra8 Rb3+ 70. Ke4 Rb4+ 71. Ke3 Rb5 72. Rf8+ Ke5 73. Rg8 Kf6 74. Re8 Rb3+ 75. Kf2 Ke5 76. Rg8 Kf4 77. Rf8+ Ke5 78. Kg3 Rd3 79. Rg8 Kf6 80. Rf8+ Kg7 81. Re8 Kf7 82. Rb8 Kf6 83. Rf8+ Ke7 84. Rg8 Kf7 85. Rc8 Rd7 86. Rc5 Kf6 87. Rc8 Rf7 88. Re8 Ke5 89. Rg8 Kf6 90. Kf2 Rg7 91. Rf8+ Rf7 92. Re8 Ke5 93. Ke3 Rf6 94. Rg8 Kd5 95. Rd8+ Ke5 96. Rb8 Rf4 97. Rg8 Rf6 98. Rb8 Kd6 99. Ke4 Rf4+ 100. Ke3 Kc7 101. Re8 Kd7 102. Rg8 Rf6 103. Ke4 Ke7 104. Ra8 Kf7 105. Ra7+ Ke8 106. Rb7 Rf7 107. Rb8+ Ke7 108. Rb6 Kf6 109. f4 gxf4 110. Kxf4 g5+ 111. Ke4 Ke7 112. Rb7+ Kf6 113. Rb6 Re7 114. Rb5 Kg6 115. Ke5 Rh7 116. Rb6 Rf7 117. Rxe6+ Kg7 118. Rc6 Re7+ 119. Kf5 Ra7 120. Kxg5 Ra5+ 121. Kh4 Ra4 122. Kh5 Ra5+ 123. g5 Kh7 124. Rc7+ Kh8 125. Kh6 Ra6+ 126. g6 Ra8 127. Rh7+ Kg8 128. Rg7+ Kh8 129. Rb7 Kg8 130. Rc7 Kh8 131. Rd7 Kg8 132. Rh7 Rb8 133. Ra7 Kh8 134. Kg5 Kg8 135. Kf6 Rb6+ 136. Kg5 Rb8 137. Rc7 Rd8 138. Kh6 Kh8 139. Re7 Rc8 140. Rg7 Rd8 141. Ra7 Rb8 142. Rh7+ Kg8 143. Re7 Kh8 144. Rc7 Kg8 145. Kg5 Rd8 146. Rc5 Re8 147. Kh6 Rd8 148. Rf5 Re8 149. Rg5 Re6 150. Rc5 Re8 151. Rc6 Rd8 152. g7 Re8 153. Rf6 Rd8 154. Kg6 Re8 155. Rf8+ Rxf8 156. gxf8Q+ Kxf8 1/2-1/2

[Event "Europe Echecs Blitz May op"]
[Site "Europe Echecs INT"]
[Date "2021.05.09"]
[Round "7"]
[White "Tadros, John"]
[Black "Leone Amigot, Haymar"]
[Result "0-1"]
[WhiteElo "1779"]
[BlackElo "1816"]
[PlyCount "200"]
[EventDate "2021.05.09"]
[EventType "swiss (blitz)"]
[EventRounds "11"]
[EventCountry "FRA"]
[SourceTitle "CBM 202 Extra"]
[Source "ChessBase"]
[SourceDate "2021.07.31"]
[SourceVersion "1"]
[SourceVersionDate "2021.07.31"]
[SourceQuality "1"]

1. d4 Nf6 2. Bf4 e6 3. e3 d5 4. Bd3 Bd6 5. Bg3 c5 6. c3 c4 7. Bc2 Nc6 8. Nf3 0-0 9. 0-0 b5 10. Nbd2 Bb7 11. e4 dxe4 12. Nxe4 Bxg3 13. hxg3 Qe7 14. Nxf6+ Qxf6 15. Qe2 Rad8 16. Qe4 g6 17. Rfe1 Rfe8 18. Rad1 Na5 19. Qe3 Bd5 20. Ne5 Nc6 21. Nxc6 Bxc6 22. b3 Bd5 23. bxc4 Bxc4 24. a4 a6 25. axb5 axb5 26. Bd3 Rc8 27. Bxc4 Rxc4 28. Rb1 Qf5 29. Qe5 Qxe5 30. Rxe5 Rxc3 31. Rexb5 Rd3 32. R1b4 Rd8 33. Rb8 R3xd4 34. Rxd4 Rxb8 35. Rd7 Kg7 36. Kh2 Kf6 37. f3 h5 38. Kh3 g5 39. g4 Rh8 40. gxh5 Rxh5+ 41. Kg3 Kg6 42. Ra7 f5 43. Ra8 Rh7 44. Ra6 Kf6 45. Ra8 f4+ 46. Kf2 Rb7 47. Rf8+ Kg7 48. Re8 Rb2+ 49. Kg1 Kf7 50. Rc8 e5 51. Kh2 Ke6 52. Rg8 Kf6 53. Rf8+ Kg7 54. Re8 Re2 55. Kg1 Re3 56. Kf2 Kf7 57. Rb8 Kg6 58. Rg8+ Kf7 59. Rb8 Kf6 60. Rf8+ Kg7 61. Rb8 Ra3 62. Rb5 Kf6 63. Rb6+ Kf5 64. Rb8 Ra2+ 65. Kg1 g4 66. Rf8+ Ke6 67. fxg4 Ra3 68. Re8+ Kd6 69. Kf2 Rg3 70. Rg8 e4 71. Rg7 e3+ 72. Kf1 Ke6 73. Rg8 Kd7 74. g5 Ke7 75. g6 Kf6 76. Rf8+ Ke5 77. Re8+ Kd6 78. Rf8 Ke5 79. Re8+ Kd4 80. Rd8+ Kc3 81. Rf8 Rxg6 82. Rxf4 Kd3 83. g4 Ra6 84. Rf8 Ra1+ 85. Kg2 e2 86. Rd8+ Kc4 87. Re8 e1Q 88. Rxe1 Rxe1 89. Kf3 Kd5 90. Kf4 Ke6 91. g5 Kf7 92. Kf5 Rf1+ 93. Kg4 Kg6 94. Kh4 Rg1 95. Kh3 Kxg5 96. Kh2 Rg4 97. Kh3 Kf4 98. Kh2 Kf3 99. Kh1 Kf2 100. Kh2 Rh4# 0-1

[Event "Europe Echecs Blitz May op"]
[Site "Europe Echecs INT"]
[Date "2021.05.09"]
[Round "5"]
[White "Tadros, John"]
[Black "Vlachos, Anatole"]
[Result "0-1"]
[WhiteElo "1779"]
[BlackElo "2438"]
[PlyCount "50"]
[EventDate "2021.05.09"]
[EventType "swiss (blitz)"]
[EventRounds "11"]
[EventCountry "FRA"]
[SourceTitle "CBM 202 Extra"]
[Source "ChessBase"]
[SourceDate "2021.07.31"]
[SourceVersion "1"]
[SourceVersionDate "2021.07.31"]
[SourceQuality "1"]

1. d4 f5 2. Bf4 Nf6 3. e3 b6 4. Nf3 Bb7 5. Bd3 e6 6. c3 Be7 7. Nbd2 0-0 8. h3 d6 9. 0-0 h6 10. Qe2 Nbd7 11. e4 fxe4 12. Nxe4 Nxe4 13. Bxe4 d5 14. Bg6 Rf6 15. Qd3 Rxf4 16. Bh7+ Kh8 17. Ne5 Nxe5 18. dxe5 d4 19. cxd4 Rxd4 20. Qg6 Be4 21. Qxe6 Kxh7 22. f4 Bc5 23. Kh1 Qh4 24. Kh2 Bxg2 25. Kxg2 Rd2+ 0-1

[Event "C'Chartres Blitz op April"]
[Site "Europe Echecs INT"]
[Date "2021.04.10"]
[Round "9"]
[White "Tadros, John"]
[Black "Heem, Alice"]
[Result "1-0"]
[WhiteElo "1779"]
[BlackElo "1113"]
[PlyCount "43"]
[EventDate "2021.04.10"]
[EventType "swiss (blitz)"]
[EventRounds "11"]
[EventCountry "FRA"]
[SourceTitle "CBM 201 Extra"]
[Source "ChessBase"]
[SourceDate "2021.05.31"]
[SourceVersion "1"]
[SourceVersionDate "2021.05.31"]
[SourceQuality "1"]

1. d4 Nf6 2. Bf4 g6 3. Nc3 d5 4. Nf3 Bg7 5. h3 Bf5 6. Qd2 0-0 7. g4 Bd7 8. g5 Ne8 9. h4 Nd6 10. h5 Bf5 11. hxg6 Bxg6 12. Ne5 Nd7 13. Nxg6 fxg6 14. 0-0-0 Nb6 15. e3 Nf5 16. Be5 Qd7 17. Bxg7 Kxg7 18. Bd3 a5 19. e4 dxe4 20. Nxe4 Nxd4 21. Nc5 Qc6 22. Qc3 1-0

[Event "C'Chartres Blitz op April"]
[Site "Europe Echecs INT"]
[Date "2021.04.10"]
[Round "11"]
[White "Tadros, John"]
[Black "Massard, Rene"]
[Result "1-0"]
[WhiteElo "1779"]
[BlackElo "1533"]
[PlyCount "49"]
[EventDate "2021.04.10"]
[EventType "swiss (blitz)"]
[EventRounds "11"]
[EventCountry "FRA"]
[SourceTitle "CBM 201 Extra"]
[Source "ChessBase"]
[SourceDate "2021.05.31"]
[SourceVersion "1"]
[SourceVersionDate "2021.05.31"]
[SourceQuality "1"]

1. d4 Nf6 2. Bf4 g6 3. Nc3 c6 4. e4 d6 5. Qd2 Bg7 6. Bh6 0-0 7. Bxg7 Kxg7 8. 0-0-0 Nbd7 9. f4 e6 10. Nf3 b5 11. e5 dxe5 12. fxe5 Nd5 13. Nxd5 exd5 14. h4 Nb6 15. h5 Nc4 16. Qf4 Qe7 17. hxg6 fxg6 18. Qh6+ Kg8 19. Bxc4 bxc4 20. Ng5 Qg7 21. Qxg7+ Kxg7 22. Rxh7+ Kg8 23. Rdh1 Bg4 24. Rh8+ Kg7 25. R1h7# 1-0

[Event "FISCA Online op"]
[Site "Chess.com INT"]
[Date "2020.06.19"]
[Round "1"]
[White "Tadros, John"]
[Black "Florea, Aurelian1111"]
[Result "1-0"]
[WhiteElo "1779"]
[BlackElo "1865"]
[PlyCount "36"]
[EventDate "2020.06.19"]
[EventType "swiss"]
[EventRounds "9"]
[EventCountry "ROU"]
[SourceTitle "CBM 197 Extra"]
[Source "ChessBase"]
[SourceDate "2020.09.30"]
[SourceVersion "1"]
[SourceVersionDate "2020.09.30"]
[SourceQuality "1"]

1. e4 e5 2. Nf3 Nc6 3. Bc4 f6 4. d4 exd4 5. Nxd4 Nxd4 6. Qxd4 c5 7. Qd5 Qe7 8. 0-0 d6 9. f4 Be6 10. Qxe6 Qxe6 11. Bxe6 Nh6 12. e5 dxe5 13. fxe5 fxe5 14. Bxh6 gxh6 15. Nc3 Bg7 16. Rf7 Bf8 17. Nd5 Rg8 18. Nf6+ Kd8 1-0